MARC details
| 000 -LEADER |
| campo de control de longitud fija |
01615nam a2200229 i 4500 |
| 001 - NÚMERO DE CONTROL |
| campo de control |
181263 |
| 003 - IDENTIFICADOR DE NÚMERO DE CONTROL |
| campo de control |
ES-MaACL |
| 005 - FECHA Y HORA DE LA ÚLTIMA TRANSACCIÓN |
| campo de control |
20250815122200.0 |
| 008 - DATOS DE LONGITUD FIJA--INFORMACIÓN GENERAL |
| campo de control de longitud fija |
121122m18601861sp |||| | spa d |
| 245 04 - MENCIÓN DEL TÍTULO |
| Título |
Las glorias de la pintura |
| Resto del título |
: colección de los más preciosos cuadros de las galerías de Munich, Dresde, Berlín y otras : obras de los grandes maestros del arte Rafael, Ticiano, Miguel-Ángel, Murillo, Rubens, Carlos-Dolce, Mieris, Poussin, Adam, Guido-Reni, Salvator-Rosa, Teniers, Gerardo-Dow, Rembrandt, Van-Dick, etc., etc. : enriquecida con magníficos artículos sobre religión, moral, filosofía, costumbres, escenas de la naturaleza, poesía, novela y creaciones de todo género / |
| Mención de responsabilidad, etc. |
por Una Sociedad de Literatos. |
| 260 ## - PUBLICACIÓN, DISTRIBUCIÓN, ETC. |
| Lugar de publicación, distribución, etc. |
Barcelona : |
| Nombre del editor, distribuidor, etc. |
Librería de José Ribet, |
| Fecha de publicación, distribución, etc. |
1860-1861 ( |
| Fabricante |
Imp. de Narciso Ramírez) |
| 300 ## - DESCRIPCIÓN FÍSICA |
| Extensión |
2 v. (VIII, 392 p., [45] h. de lám.; VIII, 408 p., [54] h. de lám.) ; |
| Dimensiones |
28 cm. |
| 530 ## - NOTA DISPONIBLE DE FORMULARIO FÍSICO ADICIONAL |
| Nota de formato físico adicional disponible |
Disponible en formato digital. |
| 594 ## - Nota al título y mención de responsabilidad |
| Nota al título y mención de responsabilidad |
Los autores de los artículos son: Joaquín Roca y Cornet, Víctor Balaguer, Joaquín Rubió, Juan Cortada, Manuel Angelon, Antonio de Bofarull, Gregorio Amado Larrosa, José Puiggari, José Leopoldo Feu, Francisco J. Orellana, J.R. Soto, Antonio Altadill, Vicente Boix. |
| 650 #7 - PUNTO DE ACCESO ADICIONAL DE MATERIA--TÉRMINO DE MATERIA |
| Término de materia o nombre geográfico como elemento de entrada |
Pintura |
| Fuente del encabezamiento o término |
embne |
| 9 (RLIN) |
16002 |
| 650 07 - PUNTO DE ACCESO ADICIONAL DE MATERIA--TÉRMINO DE MATERIA |
| Término de materia o nombre geográfico como elemento de entrada |
Arte y literatura |
| Fuente del encabezamiento o término |
embne |
| 9 (RLIN) |
10334 |
| 700 1# - ENTRADA AGREGADA--NOMBRE PERSONAL |
| Nombre de persona |
Roca y Cornet, Joaquín, |
| Fechas asociadas al nombre |
1804-1873 |
| 9 (RLIN) |
131904 |
| 710 2# - ENTRADA AGREGADA--NOMBRE DE ENTIDAD CORPORATIVA |
| Nombre de entidad corporativa o nombre de jurisdicción como elemento de entrada |
Una Sociedad de Literatos. |
| 9 (RLIN) |
171402 |
| 852 ## - LOCALIZACIÓN |
| Ubicación |
ES-MaACL |
| Número de control de estantería |
G-6551-52 |
| 856 ## - LOCALIZACIÓN Y ACCESO ELECTRÓNICOS |
| Identificador Uniforme de Recursos |
<a href="https://ddd.uab.cat/record/73599 ">https://ddd.uab.cat/record/73599 </a> |
| Nota pública |
Dipòsit Digital de Documents de la UAB |